| 000 | 01251nam a2200289 a 4500 | ||
|---|---|---|---|
| 001 | 32849 | ||
| 003 | BD-RjUL | ||
| 005 | 20211209051914.0 | ||
| 008 | 860101s1921 cc abef 001 0beng d | ||
| 035 | _a(BD-RjUL)32939 | ||
| 040 |
_aDLC _cEZA _dOCL _dEQO _dBD-RjUL _beng |
||
| 041 | 1 | _aengchi | |
| 082 |
_223 _a297.63 _bCHA 1921 |
||
| 100 | 1 |
_aChai-lien, Liu _9226577 |
|
| 245 | 1 | 4 |
_aThe Arabian prophet : _ba life of Mohammed from Chinese and Arabic sources: a Chinese-Moslem work/ _cby Liu Chai-lien ; translated by Isaac Mason ; foreword by Samuel M. Zwemer. |
| 260 |
_aShanghai : _b[Printed by the Commercial Press], _c1921. |
||
| 300 |
_a[4], xvii, 313 p. : _bIll. ; _c20 cm. |
||
| 500 | _aAbridged from the original work, finished in 1724, and first published in 1779 in 20 small volumes. cf. p. vii-viii, xii. | ||
| 500 | _a"with appendices on Chinese Mohammedanism" | ||
| 504 | _aIncludes index. | ||
| 600 | 0 | 0 |
_aMuḼammad, _cProphet, _d-632. _yEarly works to 1800. _9226578 |
| 650 |
_aIslam _zChina _yEarly works to 1800. _9226579 |
||
| 650 |
_aMuslims _zSaudi Arabia _vBiography _y Early works to 1800. _9226580 |
||
| 700 | 1 |
_aMason, Isaac, tr. _9226581 |
|
| 700 | 1 |
_aZwemer, Samuel M. , foreworder _9226582 |
|
| 942 |
_2ddc _cRAR |
||
| 999 |
_c32849 _d32849 |
||